|
|
|
|
| LEADER |
00000nkm a2200000 a 4500 |
| 001 |
vtls011628123 |
| 003 |
SK-MaSNL |
| 005 |
20260331210405.0 |
| 007 |
kf co |
| 008 |
231206q1950 xo g 00 kuslo |
| 015 |
|
|
|a SNBG
|
| 040 |
|
|
|a SNK
|b slo
|c SNK
|e AACR2
|
| 041 |
0 |
|
|a slo
|
| 043 |
|
|
|a e-xo---
|
| 044 |
|
|
|a xo
|c SK
|
| 080 |
|
|
|a 913(437.6)
|2 2011
|
| 080 |
|
|
|a 711.436
|2 2011
|
| 080 |
|
|
|a (084.121)
|2 2011
|
| 100 |
1 |
|
|a Šlachta, František
|c (fotograf)
|4 pht
|9 179022
|
| 245 |
1 |
0 |
|a Ždiar
|h grafika
|c foto: F. Šlachta, J. Tichý, E. Absolónová
|
| 260 |
|
|
|a Bratislava
|b Pressfoto
|c [medzi 1950 a 1973?]
|
| 300 |
|
|
|a 1 pohľadnica (4 čiastkové pohľady)
|b farebná
|c 15 x 11
|
| 500 |
|
|
|a Rovnaká signatúra so Senicou
|
| 520 |
8 |
|
|a Zobrazenie: pohľady na Hotel Magura, drevený Kostol sv. Anny v Tatranskej Javorine, ždiarske kroje a typický ždiarsky dom na pozadí Belianskych Tatier
|
| 651 |
|
7 |
|a Ždiar (Slovensko)
|2 SNKPH
|9 54540
|
| 655 |
|
7 |
|a miestne pohľadnice
|2 SNKPH
|9 70510
|
| 700 |
1 |
|
|a Tichý, J.
|c (fotograf)
|4 pht
|9 352599
|
| 700 |
1 |
|
|a Absolónová, E.
|c (fotografka)
|4 pht
|9 289262
|
| 958 |
|
|
|a GC
|
| 958 |
|
|
|a OND
|
| 958 |
|
|
|a GBN
|
| 999 |
|
|
|c 597513
|d 599443
|
| 952 |
|
|
|a SNK
|b SNK
|y PREZ
|7 0
|p 17A1220795
|o snkSP 21055
|0 0
|1 0
|4 0
|d 2017-05-09
|f 1
|l 0
|r 2026-02-23 15:44:13
|w 2026-02-23
|